Normal view
MARC view
- RODIN, P
Entry Personal Name
001 - CONTROL NUMBER
- control field: 79399
003 - CONTROL NUMBER IDENTIFIER
- control field: NUST
005 - DATE AND TIME OF LATEST TRANSACTION
- control field: 20210628210432.0
008 - FIXED-LENGTH DATA ELEMENTS
- fixed length control field: 210628|| aca||aabn | a|a d
040 ## - CATALOGING SOURCE
- Original cataloging agency: NUST
- Transcribing agency: NUST
100 ## - HEADING--PERSONAL NAME
- Personal name: RODIN, P
670 ## - SOURCE DATA FOUND
- Source citation: Work cat.: (NUST): RODIN, P, DESIGN AND PRODUCTION OF METAL CUTTING TOOLS, 1968
